000 00492nam a2200169Ia 4500
008 220803s9999 xx 000 0 und d
020 _a978-0-262-72006-9
041 _aeng
082 _a722 VEN/BRO
100 _aVenturi R
_923989
245 _aLearning From Las Vegas : The Forgotten Symbolism Of Architectural Form
260 _aCambridge
_bMIT Press
_c1977
300 _a192p
500 _aArchitecture
650 _aArchitectural History
_923990
700 _aBrown D S Izenour S
_923991
999 _c15230
_d15230